[Event "23. Copenhagen Open  (Politiken Cup)"]
[Site "Copenhagen"]
[Date "2001.07.20"]
[Round "6"]
[White "Wilsbeck, Jan Borge"]
[Black "Hansen, Herluf"]
[Result "0-1"]
[WhiteElo "1761"]
[BlackElo "2044"]
[PlyCount "60"]
[EventDate "2001.07.16"]
[EventType "swiss"]
[EventRounds "11"]
[EventCountry "DEN"]
[SourceDate "2004.01.01"]

1. e4 c5 2. Nf3 d6 3. d4 cxd4 4. Nxd4 Nf6 5. Nc3 a6 6. Bc4 e6 7. Bb3 Nbd7 8.
Bg5 Nc5 9. Qe2 Be7 10. h4 Qc7 11. g4 b5 12. f3 Bb7 13. Be3 Nxb3 14. axb3 g6 15.
Qh2 h5 16. g5 Nd7 17. O-O-O Rc8 18. Rd2 Nc5 19. Kb1 b4 20. Na4 Nxa4 21. bxa4 e5
22. Ne2 O-O 23. b3 d5 24. exd5 Bxd5 25. Qf2 Be6 26. Ng3 Rfd8 27. Rhd1 Rxd2 28.
Rxd2 {#} Bxb3 29. cxb3 Qc1+ 30. Ka2 Qa3+ 0-1

[Event "23. Copenhagen Open  (Politiken Cup)"]
[Site "Copenhagen"]
[Date "2001.07.22"]
[Round "7"]
[White "Akesson, Joel"]
[Black "Pallesen, Jacob"]
[Result "1-0"]
[WhiteElo "2203"]
[BlackElo "2061"]
[PlyCount "71"]
[EventDate "2001.07.16"]
[EventType "swiss"]
[EventRounds "11"]
[EventCountry "DEN"]
[SourceDate "2004.01.01"]

1. c4 f5 2. g3 Nf6 3. Bg2 d6 4. Nc3 g6 5. e3 Bg7 6. Nge2 e5 7. O-O O-O 8. Rb1
c6 9. d4 e4 10. b4 Be6 11. d5 cxd5 12. cxd5 Bf7 13. Nf4 Nbd7 14. Nb5 Qe7 15.
Nc7 Rac8 16. Nce6 Rfe8 17. Bb2 Bh6 18. h4 Nb6 19. Qd4 Bxf4 20. exf4 Nbxd5 21.
Ng5 Qc7 22. Qxa7 b5 23. Qd4 Qc4 24. Rfc1 Qxd4 25. Bxd4 h6 26. Nxf7 Kxf7 27. Bf1
Rxc1 28. Rxc1 Nxb4 29. Bxb5 Ra8 30. Rc7+ Ke6 31. Rg7 Nc2 32. Bb2 d5 33. Rc7 Na3
34. Rc6+ Kd7 35. Bxa3 Rxa3 36. Ra6+ 1-0

[Event "23. Copenhagen Open  (Politiken Cup)"]
[Site "Copenhagen"]
[Date "2001.07.22"]
[Round "7"]
[White "Andersen, Kasper Lolk"]
[Black "Hau, Helge"]
[Result "0-1"]
[WhiteElo "1192"]
[BlackElo "1525"]
[PlyCount "132"]
[EventDate "2001.07.16"]
[EventType "swiss"]
[EventRounds "11"]
[EventCountry "DEN"]
[SourceDate "2004.01.01"]

1. e4 e6 2. d4 d5 3. f3 Nc6 4. Be3 a6 5. Nc3 Bb4 6. Qd3 Bd7 7. a3 dxe4 8. fxe4
Bxc3+ 9. Qxc3 Qh4+ 10. Bf2 Qxe4+ 11. Ne2 Nf6 12. O-O-O Nd5 13. Qd3 Qg6 14. g3
Qg5+ 15. Kb1 Nce7 16. Nc3 Bc6 17. h4 Nxc3+ 18. Qxc3 Qd5 19. Rh2 Qh5 20. Rd2 Nd5
21. Qd3 f6 22. Bg2 O-O-O 23. Bf3 Qf7 24. c4 Ne7 25. Bxc6 Nxc6 26. d5 exd5 27.
cxd5 Ne5 28. Qf5+ Kb8 29. Qe4 Qg6 30. Qxg6 Nxg6 31. Bg1 Ne5 32. Rhf2 Rhe8 33.
Rf1 Nc4 34. Rd4 Nd6 35. g4 Nb5 36. Rd3 Re4 37. g5 fxg5 38. hxg5 Rde8 39. Rdd1
Nd6 40. Bh2 Kc8 41. Bxd6 cxd6 42. Rc1+ Kd8 43. Rf7 R4e7 44. Rf5 Kd7 45. Rf4 Rc8
46. Rh1 g6 47. Rfh4 Rh8 48. Rc1 Re5 49. Rd4 Rxg5 50. Rf1 Rf5 51. Rxf5 gxf5 52.
Kc2 Re8 53. Kd2 Re5 54. Kd3 h5 55. Kc4 Re2 56. Rf4 Re4+ 57. Rxe4 fxe4 58. Kd4
Ke7 59. Kxe4 Kf6 60. Kf4 h4 61. Kg4 Ke5 62. Kxh4 Kxd5 63. Kg3 Kc4 64. Kf3 Kb3
65. Ke4 Kxb2 66. Kd5 Kxa3 0-1

[Event "23. Copenhagen Open  (Politiken Cup)"]
[Site "Copenhagen"]
[Date "2001.07.22"]
[Round "7"]
[White "Andersen, Matias Lolk"]
[Black "Olesen, Michael Bonding"]
[Result "0-1"]
[WhiteElo "1146"]
[BlackElo "1891"]
[PlyCount "156"]
[EventDate "2001.07.16"]
[EventType "swiss"]
[EventRounds "11"]
[EventCountry "DEN"]
[SourceDate "2004.01.01"]

1. e4 c5 2. Nf3 e6 3. d4 cxd4 4. Nxd4 a6 5. Bd3 Qc7 6. O-O Nc6 7. Nxc6 bxc6 8.
Be3 Nf6 9. f4 d6 10. Nd2 Be7 11. Qe2 O-O 12. Rae1 e5 13. f5 d5 14. Qf3 Bd7 15.
Re2 Rfb8 16. b3 a5 17. a4 Rb4 18. c4 d4 19. Bf2 c5 20. Rb1 Rab8 21. Bc2 Bc6 22.
Qd3 Nh5 23. g3 Bg5 24. Nf3 Bh6 25. Be1 R4b7 26. Bd2 Bxd2 27. Nxd2 Nf6 28. Rf2
Rb4 29. h3 h5 30. Rff1 Qe7 31. Qf3 Rd8 32. Bd3 Rd6 33. Kh2 Rb8 34. Rg1 g6 35.
Rg2 Kg7 36. Kg1 Rf8 37. Rf1 Nh7 38. g4 hxg4 39. Qxg4 Bd7 40. Qg3 Rf6 41. Nf3
Re8 42. Ng5 Nxg5 43. Qxg5 Rh8 44. h4 Kf8 45. fxg6 Rxf1+ 46. Bxf1 Qxg5 47. Rxg5
fxg6 48. Rxe5 Rh5 49. Rxh5 gxh5 50. Bd3 Ke7 51. Kg2 Kf6 52. Kg3 Ke5 53. Bc2 Bg4
54. Kf2 Kf4 55. b4 cxb4 56. c5 Ke5 57. c6 Kd6 58. c7 Kxc7 59. Kg3 Be2 60. Kf4
d3 61. Bxd3 Bxd3 62. Ke3 Bc2 63. Kd2 Bxa4 64. Kc1 Kd6 65. Kb2 Ke5 66. Ka2 Kxe4
67. Kb2 Kf4 68. Ka2 Kg4 69. Kb2 Kxh4 70. Ka2 Kg3 71. Kb2 h4 72. Ka2 h3 73. Kb2
h2 74. Ka2 h1=Q 75. Kb2 Qd1 76. Ka2 b3+ 77. Kb2 Qc2+ 78. Ka1 Qa2# 0-1

[Event "23. Copenhagen Open  (Politiken Cup)"]
[Site "Copenhagen"]
[Date "2001.07.22"]
[Round "7"]
[White "Andersen, Rune"]
[Black "Moller, Arne"]
[Result "1/2-1/2"]
[WhiteElo "2064"]
[BlackElo "1712"]
[PlyCount "84"]
[EventDate "2001.07.16"]
[EventType "swiss"]
[EventRounds "11"]
[EventCountry "DEN"]
[SourceDate "2004.01.01"]

1. d4 Nf6 2. c4 e6 3. Nc3 Bb4 4. Qc2 c5 5. dxc5 Bxc5 6. Bf4 Nc6 7. e3 Nh5 8.
Bg3 f5 9. Be2 Nxg3 10. hxg3 Qf6 11. Nf3 h6 12. a3 a6 13. b4 Be7 14. c5 b5 15.
Rd1 Bb7 16. Rh4 g5 17. Rh2 O-O 18. Rxd7 Bc8 19. Rd1 Rd8 20. Rxd8+ Bxd8 21. g4
Bc7 22. g3 fxg4 23. Nd4 Nxd4 24. exd4 Bb7 25. Bxg4 Rd8 26. Ne2 Bd5 27. f4 gxf4
28. gxf4 Rd7 29. Ng3 Rg7 30. Nh5 Qxd4 31. Rg2 Qa1+ 32. Kf2 Bxg2 33. Qe2 Qd4+
34. Kxg2 Qd5+ 35. Kf2 Rg6 36. Qb2 Kf7 37. Bf3 Qd3 38. Qh8 Qd2+ 39. Be2 Rg2+ 40.
Kxg2 Qxe2+ 41. Kg3 Qe3+ 42. Kg2 Qe2+ 1/2-1/2

[Event "23. Copenhagen Open  (Politiken Cup)"]
[Site "Copenhagen"]
[Date "2001.07.22"]
[Round "7"]
[White "Auchenberg, Einar"]
[Black "Westlund, Mikael"]
[Result "0-1"]
[WhiteElo "1614"]
[BlackElo "1996"]
[PlyCount "40"]
[EventDate "2001.07.16"]
[EventType "swiss"]
[EventRounds "11"]
[EventCountry "DEN"]
[SourceDate "2004.01.01"]

1. d4 Nf6 2. Nc3 g6 3. Bg5 Bg7 4. e4 d6 5. Bc4 O-O 6. f4 Nxe4 7. Bxf7+ Rxf7 8.
Nxe4 h6 9. h4 hxg5 10. Nxg5 Rxf4 11. N1f3 Bg4 12. c3 d5 13. Qd3 Qd6 14. O-O-O
Nd7 15. h5 Bh6 16. Qxg6+ Qxg6 17. hxg6 Bxg5 18. Nxg5 Bxd1 19. Nf7 Kg7 20. Kxd1
Kxg6 0-1

[Event "23. Copenhagen Open  (Politiken Cup)"]
[Site "Copenhagen"]
[Date "2001.07.22"]
[Round "7"]
[White "Auchenberg, Per"]
[Black "Henrichsen, Jens"]
[Result "1/2-1/2"]
[WhiteElo "1842"]
[BlackElo "2069"]
[PlyCount "29"]
[EventDate "2001.07.16"]
[EventType "swiss"]
[EventRounds "11"]
[EventCountry "DEN"]
[SourceDate "2004.01.01"]

1. e4 c5 2. Nf3 e6 3. d4 cxd4 4. Nxd4 Nf6 5. Nc3 d6 6. Bc4 a6 7. a3 Be7 8. Qe2
Qc7 9. Be3 Nc6 10. f3 Na5 11. Bd3 b5 12. Nb3 Nc4 13. Bxc4 bxc4 14. Nd2 d5 15.
exd5 1/2-1/2

[Event "23. Copenhagen Open  (Politiken Cup)"]
[Site "Copenhagen"]
[Date "2001.07.22"]
[Round "7"]
[White "Bekker Jensen, Simon"]
[Black "Nielsen, Borge Hjerrild"]
[Result "1-0"]
[WhiteElo "2356"]
[BlackElo "2122"]
[PlyCount "67"]
[EventDate "2001.07.16"]
[EventType "swiss"]
[EventRounds "11"]
[EventCountry "DEN"]
[SourceDate "2004.01.01"]

1. d4 d5 2. c4 e6 3. Nc3 Be7 4. Nf3 Nf6 5. Bg5 O-O 6. e3 Nbd7 7. cxd5 exd5 8.
Bd3 c6 9. O-O Re8 10. Qc2 Nf8 11. h3 Ne4 12. Bf4 Nd6 13. b4 g6 14. b5 Bf5 15.
Bxd6 Bxd3 16. Bxe7 Bxc2 17. Bxd8 Rexd8 18. bxc6 bxc6 19. Rfc1 Bf5 20. Ne5 Rd6
21. g4 Bd7 22. Kg2 Ne6 23. Na4 Be8 24. Rab1 f6 25. Nd3 Rc8 26. f4 Rc7 27. Rb8
Kf7 28. Rcb1 Ke7 29. Nac5 a5 30. Ra8 Nd8 31. Rbb8 Bf7 32. Rxa5 h5 33. Raa8 hxg4
34. hxg4 1-0

[Event "23. Copenhagen Open  (Politiken Cup)"]
[Site "Copenhagen"]
[Date "2001.07.22"]
[Round "7"]
[White "Bleis, Christian"]
[Black "Rasmussen, Casper Dahl"]
[Result "0-1"]
[WhiteElo "2126"]
[BlackElo "2281"]
[PlyCount "119"]
[EventDate "2001.07.16"]
[EventType "swiss"]
[EventRounds "11"]
[EventCountry "DEN"]
[SourceDate "2004.01.01"]

1. d4 d5 2. Nf3 Nf6 3. Bf4 e6 4. e3 Bd6 5. Ne5 Nfd7 6. Nd3 Qe7 7. Nc3 c6 8. Be2
O-O 9. O-O e5 10. dxe5 Nxe5 11. Nxe5 Bxe5 12. Bxe5 Qxe5 13. Qd4 Qxd4 14. exd4
Bf5 15. Rac1 Re8 16. Rfe1 Nd7 17. Nd1 Re7 18. Ne3 Be4 19. Bf1 Rae8 20. Nd1 Kf8
21. f3 Bg6 22. Rxe7 Kxe7 23. Kf2 Kd6 24. Ne3 Nb6 25. b3 a5 26. a3 h6 27. c3 Ra8
28. Rd1 Nd7 29. c4 dxc4 30. Nxc4+ Kc7 31. Re1 b5 32. Ne5 Nxe5 33. Rxe5 Kd6 34.
Rc5 f6 35. a4 bxa4 36. bxa4 Bf7 37. Bc4 Bxc4 38. Rxc4 Rb8 39. Rc5 Rb2+ 40. Ke3
Rxg2 41. h4 g6 42. Rxa5 Rh2 43. h5 g5 44. Rf5 Ke6 45. Rc5 Rxh5 46. Rxc6+ Kf5
47. Rc5+ Ke6 48. Rc6+ Ke7 49. Rc1 Rh3 50. Ra1 g4 51. a5 Rxf3+ 52. Ke4 Kd6 53.
d5 f5+ 54. Kd4 g3 55. Rh1 Rf4+ 56. Ke3 Rg4 57. a6 g2 58. Rg1 Kxd5 59. Kf3 Kc6
60. Rxg2 {Time} 0-1

[Event "23. Copenhagen Open  (Politiken Cup)"]
[Site "Copenhagen"]
[Date "2001.07.22"]
[Round "7"]
[White "Christensen, Christian"]
[Black "Petersen, Peter Birk"]
[Result "1/2-1/2"]
[WhiteElo "1972"]
[BlackElo "2230"]
[PlyCount "58"]
[EventDate "2001.07.16"]
[EventType "swiss"]
[EventRounds "11"]
[EventCountry "DEN"]
[SourceDate "2004.01.01"]

1. e4 c5 2. Nc3 Nc6 3. g3 g6 4. Bg2 Bg7 5. d3 d6 6. Be3 e6 7. Qd2 Rb8 8. Nf3
Nd4 9. Bxd4 cxd4 10. Nb5 Ne7 11. Nbxd4 Nc6 12. c3 O-O 13. O-O Qe7 14. Ne2 Rd8
15. d4 d5 16. e5 b6 17. Qd3 Qb7 18. b4 Qc7 19. Nd2 Bd7 20. a4 Ne7 21. f4 h5 22.
h3 Bh6 23. h4 Nf5 24. Rf3 Be8 25. Kh2 Rdc8 26. Ng1 Qe7 27. Nh3 Rc7 28. Nf2 Rbc8
29. Nd1 Bd7 1/2-1/2

[Event "23. Copenhagen Open  (Politiken Cup)"]
[Site "Copenhagen"]
[Date "2001.07.22"]
[Round "7"]
[White "Christensen, Verner"]
[Black "Nielsen, Dagh"]
[Result "0-1"]
[WhiteElo "1797"]
[BlackElo "1982"]
[PlyCount "38"]
[EventDate "2001.07.16"]
[EventType "swiss"]
[EventRounds "11"]
[EventCountry "DEN"]
[SourceDate "2004.01.01"]

1. e4 c5 2. Nc3 e6 3. g3 d5 4. exd5 exd5 5. Bg2 d4 6. Nb1 Nc6 7. d3 Bd6 8. Qe2+
Nge7 9. Nf3 h6 10. Na3 b5 11. Bd2 Rb8 12. O-O O-O 13. Rae1 Be6 14. b3 c4 15.
Nb1 c3 16. Bc1 b4 17. Nh4 Qd7 18. f4 Bg4 19. Qf2 Rb5 0-1

[Event "23. Copenhagen Open  (Politiken Cup)"]
[Site "Copenhagen"]
[Date "2001.07.22"]
[Round "7"]
[White "Elka, Parviz"]
[Black "Wilsbeck, Jan Borge"]
[Result "0-1"]
[WhiteElo "1329"]
[BlackElo "1761"]
[PlyCount "66"]
[EventDate "2001.07.16"]
[EventType "swiss"]
[EventRounds "11"]
[EventCountry "DEN"]
[SourceDate "2004.01.01"]

1. d4 Nf6 2. c4 e6 3. Nc3 Bb4 4. Qc2 d5 5. a3 Bxc3+ 6. Qxc3 Ne4 7. Qc2 O-O 8.
Nf3 Nd7 9. Bf4 g5 10. Bg3 h5 11. cxd5 exd5 12. Bxc7 Qf6 13. e3 g4 14. Ng1 Nb6
15. Bd3 Bf5 16. Bf4 Rfc8 17. Qd1 Nc4 18. Bxc4 Rxc4 19. Rc1 Rac8 20. Rxc4 Rxc4
21. Ne2 Qc6 22. O-O Rc2 23. f3 gxf3 24. gxf3 Qg6+ 25. Bg3 Nxg3 26. hxg3 Rxb2
27. Rf2 Rb1 28. Nc1 Qc6 29. Rf1 Qc3 30. Re1 Qb2 31. Qa4 Rxc1 32. Qe8+ Kg7 33.
Qe5+ Kg6 0-1

[Event "23. Copenhagen Open  (Politiken Cup)"]
[Site "Copenhagen"]
[Date "2001.07.22"]
[Round "7"]
[White "Grahn, Lars"]
[Black "Tozer, Richard"]
[Result "0-1"]
[WhiteElo "2100"]
[BlackElo "2315"]
[PlyCount "84"]
[EventDate "2001.07.16"]
[EventType "swiss"]
[EventRounds "11"]
[EventCountry "DEN"]
[SourceDate "2004.01.01"]

1. d4 c5 2. d5 e5 3. e4 d6 4. Nc3 Be7 5. Nf3 Bg4 6. Be2 Bxf3 7. Bxf3 Bg5 8.
Bxg5 Qxg5 9. Qd2 Qd8 10. Nd1 Nd7 11. Ne3 Ne7 12. g3 O-O 13. O-O f5 14. exf5
Nxf5 15. Nxf5 Rxf5 16. Bg4 Rf6 17. Be6+ Kh8 18. f4 exf4 19. Rxf4 Rxf4 20. Qxf4
Ne5 21. Rf1 c4 22. Kg2 a5 23. g4 b5 24. g5 Ng6 25. Qg3 Qb6 26. c3 Rf8 27. Rxf8+
Nxf8 28. Qf3 Ng6 29. Qg3 b4 30. Bf7 Qb7 31. Bxg6 Qxd5+ 32. Kg1 Qd1+ 33. Kg2
hxg6 34. Qh3+ Kg8 35. Qc8+ Kh7 36. Qxc4 Qd2+ 37. Kg1 Qxg5+ 38. Kf1 Qc1+ 39. Kg2
Qxb2+ 40. Kf1 Qc1+ 41. Kg2 Qd2+ 42. Kg1 bxc3 0-1

[Event "23. Copenhagen Open  (Politiken Cup)"]
[Site "Copenhagen"]
[Date "2001.07.22"]
[Round "7"]
[White "Greisen, Flemming Dahl"]
[Black "Li, Mike"]
[Result "0-1"]
[WhiteElo "1425"]
[BlackElo "1056"]
[PlyCount "44"]
[EventDate "2001.07.16"]
[EventType "swiss"]
[EventRounds "11"]
[EventCountry "DEN"]
[SourceDate "2004.01.01"]

1. Nf3 d5 2. d4 Nf6 3. e3 Bg4 4. Be2 e6 5. a3 Bd6 6. Nbd2 Nbd7 7. c4 c6 8. h3
Bxf3 9. Bxf3 e5 10. c5 Bc7 11. e4 O-O 12. O-O dxe4 13. Nxe4 Nxe4 14. Bxe4 Qh4
15. Qd3 Rad8 16. b4 exd4 17. Bb2 Ne5 18. Qb1 f5 19. Bxf5 {#} Nf3+ 20. Kh1 Rde8
21. Qd3 Re3 22. fxe3 Qg3 0-1

[Event "23. Copenhagen Open  (Politiken Cup)"]
[Site "Copenhagen"]
[Date "2001.07.22"]
[Round "7"]
[White "Gurevich, Mikhail"]
[Black "Jakobsen, Ole"]
[Result "1-0"]
[WhiteElo "2633"]
[BlackElo "2398"]
[Annotator "Ole Jakobsen"]
[PlyCount "97"]
[EventDate "2001.07.16"]
[EventType "swiss"]
[EventRounds "11"]
[EventCountry "DEN"]
[SourceDate "2004.01.01"]

1. d4 d5 2. c4 e6 3. Nc3 Be7 4. Nf3 Nf6 5. Bf4 O-O 6. e3 c5 7. dxc5 Bxc5 8. a3
Nc6 9. Qc2 Qa5 10. O-O-O Be7 11. g4 dxc4 12. Bxc4 e5 13. g5 exf4 14. gxf6 Bxf6
15. Rd5 Qc7 16. Rh5 g6 17. Nd5 Qd8 18. Rg1 Be6 19. Nxf6+ Qxf6 20. Bxe6 fxe6 21.
Ng5 {#} Qf5 $3 22. Rh4 (22. Rxh7 fxe3 23. fxe3 Qxg5 $19) (22. e4 Qb5 23. a4 Qe5
$1 24. Rxh7 Nd4 25. Qd3 f3 $1) 22... fxe3 23. fxe3 Qxc2+ $6 (23... Rfc8 $1 24.
Qxf5 exf5 25. Nxh7 (25. Rxh7 $2 Ne5+ 26. Kb1 Nf3) 25... Ne5+ 26. Kb1 Kg7 27.
Ng5 Rh8 $17) 24. Kxc2 h5 25. Nxe6 Rf6 26. Nc5 Re8 27. Rg3 b6 (27... Re5 $1) 28.
Ne4 Rfe6 29. Rxh5 Ne5 (29... Kg7 $1 30. Rhg5 Ne5 31. Nc3 Nf7 $11) 30. Rh4 Kg7
31. Nc3 Nd7 32. Rd4 Nf6 33. Kd3 Rh8 34. h3 Re5 35. Ne2 Ree8 36. Nf4 Rh6 37. Rd6
Kf7 38. Rf3 Ne4 39. Rd7+ Kg8 40. Rxa7 Nc5+ 41. Kc4 g5 42. Nd5 Ne4 43. Kb4 Rd8
44. Ne7+ Kh8 45. Rc7 Nd6 46. Nf5 Nxf5 47. Rxf5 Rxh3 48. Rxg5 Rxe3 49. Rc6 1-0

[Event "23. Copenhagen Open  (Politiken Cup)"]
[Site "Copenhagen"]
[Date "2001.07.22"]
[Round "7"]
[White "Hagen, Andreas Skytte"]
[Black "Jacobsen, Bo"]
[Result "0-1"]
[WhiteElo "2113"]
[BlackElo "2274"]
[PlyCount "46"]
[EventDate "2001.07.16"]
[EventType "swiss"]
[EventRounds "11"]
[EventCountry "DEN"]
[SourceDate "2004.01.01"]

1. c4 e5 2. g3 Nc6 3. Bg2 f5 4. Nc3 Nf6 5. d3 Bb4 6. Bd2 O-O 7. e3 Bxc3 8. Bxc3
f4 9. gxf4 exf4 10. e4 d6 11. Qe2 Be6 12. d4 Bg4 13. f3 Nxe4 14. fxg4 Qh4+ 15.
Kf1 f3 16. Nxf3 Rae8 17. Kg1 Qxg4 18. Qd3 Re6 19. Ne5 Nxe5 20. dxe5 Rg6 21. Qc2
Ng5 22. h3 Nf3+ 23. Kf1 Nd2+ 0-1

[Event "23. Copenhagen Open  (Politiken Cup)"]
[Site "Copenhagen"]
[Date "2001.07.22"]
[Round "7"]
[White "Hansen, Herluf"]
[Black "Rendboe, John Filip"]
[Result "1-0"]
[WhiteElo "2044"]
[BlackElo "2243"]
[PlyCount "75"]
[EventDate "2001.07.16"]
[EventType "swiss"]
[EventRounds "11"]
[EventCountry "DEN"]
[SourceDate "2004.01.01"]

1. d4 Nf6 2. c4 e6 3. g3 d5 4. Nf3 Bb4+ 5. Bd2 Bxd2+ 6. Nbxd2 O-O 7. Bg2 b6 8.
O-O Bb7 9. Rc1 Nbd7 10. c5 bxc5 11. dxc5 c6 12. Qa4 a5 13. Nd4 Qc7 14. Rfd1
Rfc8 15. f4 Ba6 16. e4 Rab8 17. Qc2 Rb4 18. Qc3 dxe4 19. Bxe4 Nxe4 20. Nxe4 Rc4
21. Qe3 Rd8 22. b3 Rxc1 23. Rxc1 e5 24. Nf5 exf4 25. gxf4 Nf8 26. Qg3 Ne6 27.
Ned6 Kh8 28. Kf2 f6 29. Re1 Nxc5 30. Re7 Qxe7 31. Nxe7 Rxd6 32. Qe3 Rd2+ 33.
Kg1 Rd1+ 34. Kg2 Bf1+ 35. Kf2 Nd3+ 36. Kg3 h5 37. Qb6 h4+ 38. Kxh4 {Time} 1-0

[Event "23. Copenhagen Open  (Politiken Cup)"]
[Site "Copenhagen"]
[Date "2001.07.22"]
[Round "7"]
[White "Hansen, Ib Lynaes"]
[Black "Aird, Ian"]
[Result "1-0"]
[WhiteElo "1866"]
[BlackElo "2136"]
[PlyCount "49"]
[EventDate "2001.07.16"]
[EventType "swiss"]
[EventRounds "11"]
[EventCountry "DEN"]
[SourceDate "2004.01.01"]

1. e4 c6 2. d4 d5 3. Nd2 dxe4 4. Nxe4 Bf5 5. Ng3 Bg6 6. Nf3 Nf6 7. Be2 e6 8.
O-O Be7 9. Ne5 O-O 10. c3 c5 11. Bf3 Qb6 12. dxc5 Bxc5 13. Qb3 Qxb3 14. axb3
Nbd7 15. Nxg6 hxg6 16. b4 Bb6 17. Bxb7 Rad8 18. c4 Rb8 19. Bf3 Rfc8 20. c5 Bd8
21. Bd2 Nxc5 22. bxc5 Rxb2 23. Be3 Nd5 24. Bxd5 exd5 25. Rfd1 1-0

[Event "23. Copenhagen Open  (Politiken Cup)"]
[Site "Copenhagen"]
[Date "2001.07.22"]
[Round "7"]
[White "Hector, Jonny"]
[Black "Hoi, Carsten"]
[Result "1/2-1/2"]
[WhiteElo "2552"]
[BlackElo "2407"]
[PlyCount "150"]
[EventDate "2001.07.16"]
[EventType "swiss"]
[EventRounds "11"]
[EventCountry "DEN"]
[SourceDate "2004.01.01"]

1. e4 g6 2. d4 c6 3. Nc3 d5 4. e5 h5 5. Be3 Nh6 6. Qd2 Nf5 7. Bf4 Qb6 8. Nf3 e6
9. Bd3 Qxb2 10. Rb1 Qa3 11. O-O Nd7 12. Bg5 Be7 13. Bxf5 gxf5 14. h4 b6 15. Rb3
Bxg5 16. Nxg5 Qe7 17. a4 Ba6 18. Re1 Bc4 19. Rbb1 Rc8 20. Nd1 Nf8 21. Ne3 Ba6
22. a5 b5 23. g3 Nh7 24. Nh3 Nf8 25. Nf4 Ng6 26. Neg2 Qf8 27. Nd3 Rc7 28. Nc5
Bc8 29. a6 Rg8 30. f4 Qe7 31. Re3 Nf8 32. Qa5 Qd8 33. Ne1 Rd7 34. Qxd8+ Rxd8
35. Ra1 Nd7 36. Ned3 Nb6 37. Nb4 Nc4 38. Rd3 Bd7 39. Kf2 Rc8 40. Rdd1 Ke7 41.
Nbd3 Rc7 42. Nb3 f6 43. Nbc5 fxe5 44. fxe5 Be8 45. Nf4 Bf7 46. Nh3 Nb6 47. Ng5
Nd7 48. Nb7 Bg6 49. Ra3 f4 50. gxf4 Bxc2 51. Rc1 b4 52. Ra2 b3 53. Raxc2 bxc2
54. Rxc2 Rf8 55. Ke3 c5 56. dxc5 Nb8 57. Nh7 Rg8 58. Nd6 Rg3+ 59. Kf2 Rh3 60.
Rc1 Rxh4 61. f5 exf5 62. Nxf5+ Ke6 63. Nxh4 Rxh7 64. Nf3 Rc7 65. Rg1 Rxc5 66.
Rg6+ Kf5 67. Rf6+ Kg4 68. e6 Nc6 69. Rf7 d4 70. e7 Nxe7 71. Rxe7 Rc2+ 72. Re2
d3 73. Ne5+ Kf5 74. Nxd3 Rxe2+ 75. Kxe2 Ke6 1/2-1/2

[Event "23. Copenhagen Open  (Politiken Cup)"]
[Site "Copenhagen"]
[Date "2001.07.22"]
[Round "7"]
[White "Helin, Mikael"]
[Black "Christensen, Esben"]
[Result "0-1"]
[WhiteElo "1984"]
[BlackElo "2115"]
[PlyCount "118"]
[EventDate "2001.07.16"]
[EventType "swiss"]
[EventRounds "11"]
[EventCountry "DEN"]
[SourceDate "2004.01.01"]

1. e4 c5 2. c4 Nc6 3. Nc3 g6 4. g3 Bg7 5. Bg2 d6 6. h3 Nf6 7. Nge2 a6 8. O-O
Rb8 9. f4 Nd7 10. a4 O-O 11. g4 Nd4 12. Ng3 b5 13. axb5 axb5 14. cxb5 Nxb5 15.
g5 Nd4 16. f5 Ne5 17. d3 Nb3 18. Nd5 f6 19. Ra7 Nc6 20. gxf6 exf6 21. Rxg7+
Kxg7 22. Be3 Ne5 23. h4 Nd4 24. h5 g5 25. h6+ Kh8 26. Nh5 Nd7 27. Ng7 Nb6 28.
Nc3 Rf7 29. Qh5 Qg8 30. Bxd4 cxd4 31. Nb5 Ba6 32. Nxd6 Rd7 33. e5 fxe5 34. f6
Rxd6 35. f7 Qf8 36. Qxg5 Nd7 37. Ne8 Rxh6 38. Qf5 Rxe8 39. Qxd7 Re7 40. Qxe7
Qxe7 41. f8=Q+ Qxf8 42. Rxf8+ Kg7 43. Re8 Bxd3 44. Rxe5 Rb6 45. Rd5 Rb4 46. b3
Bc2 47. Rd7+ Kf6 48. Bd5 Ke5 49. Bc4 Bxb3 50. Bd3 h5 51. Kf2 Bc4 52. Bg6 h4 53.
Rd8 Rb2+ 54. Ke1 h3 55. Kd1 h2 56. Rh8 Rg2 57. Rh5+ Kf4 58. Ke1 Rg1+ 59. Kf2
h1=Q 0-1

[Event "23. Copenhagen Open  (Politiken Cup)"]
[Site "Copenhagen"]
[Date "2001.07.22"]
[Round "7"]
[White "Helledie, Anders"]
[Black "Laursen, Niels Norskov"]
[Result "1-0"]
[WhiteElo "2221"]
[BlackElo "2107"]
[PlyCount "49"]
[EventDate "2001.07.16"]
[EventType "swiss"]
[EventRounds "11"]
[EventCountry "DEN"]
[SourceDate "2004.01.01"]

1. e4 e5 2. Nf3 Nf6 3. Nxe5 d6 4. Nc4 Nxe4 5. d4 d5 6. Ne3 c6 7. Nd2 Nxd2 8.
Bxd2 Qb6 9. Qe2 Be6 10. O-O-O Qa6 11. Kb1 Qxe2 12. Bxe2 Bd6 13. Bd3 O-O 14. Nf5
Bxf5 15. Bxf5 g6 16. Bh3 f5 17. Rde1 Nd7 18. Re6 Rf6 19. Re2 Rff8 20. Rhe1 Nf6
21. g3 Kf7 22. Re6 Ne4 23. R1xe4 dxe4 24. Rxd6 Ke7 25. Bb4 1-0

[Event "23. Copenhagen Open  (Politiken Cup)"]
[Site "Copenhagen"]
[Date "2001.07.22"]
[Round "7"]
[White "Hesselberg, Leif"]
[Black "Radovic, Slobodan"]
[Result "1-0"]
[WhiteElo "1800"]
[BlackElo "1492"]
[PlyCount "55"]
[EventDate "2001.07.16"]
[EventType "swiss"]
[EventRounds "11"]
[EventCountry "DEN"]
[SourceDate "2004.01.01"]

1. Nf3 c5 2. c4 Nc6 3. Nc3 g6 4. g3 Bg7 5. Bg2 f5 6. O-O Nf6 7. d4 cxd4 8. Nxd4
O-O 9. h4 Qb6 10. Be3 Ng4 11. Nxc6 Nxe3 12. Nxe7+ Kh8 13. Nxc8 Raxc8 14. fxe3
Qxe3+ 15. Kh2 f4 16. Qd3 fxg3+ 17. Kh1 Qe7 18. Rxf8+ Bxf8 19. Qxg3 Rxc4 20. e4
Qe6 21. Rf1 Bd6 22. Qh3 Qe5 23. h5 gxh5 24. Rf5 Qg7 25. Qxh5 Rc8 26. Rf7 Qg8
27. e5 Rc5 28. Be4 1-0

[Event "23. Copenhagen Open  (Politiken Cup)"]
[Site "Copenhagen"]
[Date "2001.07.22"]
[Round "7"]
[White "Hovmoller, Kristian"]
[Black "Nielsen, Henrik Lindholt"]
[Result "1-0"]
[WhiteElo "2194"]
[BlackElo "2005"]
[PlyCount "59"]
[EventDate "2001.07.16"]
[EventType "swiss"]
[EventRounds "11"]
[EventCountry "DEN"]
[SourceDate "2004.01.01"]

1. d4 d5 2. c4 c6 3. Nf3 Nf6 4. Nc3 e6 5. Bg5 Nbd7 6. e3 Qa5 7. Nd2 Be7 8. Qc2
a6 9. Be2 dxc4 10. Bxf6 Nxf6 11. Nxc4 Qc7 12. O-O Nd5 13. Bf3 O-O 14. Rac1 Nxc3
15. Qxc3 Bd7 16. Rfd1 Rfd8 17. b4 Be8 18. Qb3 f6 19. a4 Bf7 20. b5 e5 21. bxc6
b5 22. axb5 axb5 23. Qxb5 Rdb8 24. Qb7 Rxb7 25. cxb7 Rd8 26. Nxe5 Qd6 27. Nc6
Re8 28. Nxe7+ Qxe7 29. Rc8 f5 30. b8=Q 1-0

[Event "23. Copenhagen Open  (Politiken Cup)"]
[Site "Copenhagen"]
[Date "2001.07.22"]
[Round "7"]
[White "Hoeg, Claus"]
[Black "Skovgaard, Tom"]
[Result "1-0"]
[WhiteElo "1785"]
[BlackElo "2065"]
[PlyCount "59"]
[EventDate "2001.07.16"]
[EventType "swiss"]
[EventRounds "11"]
[EventCountry "DEN"]
[SourceDate "2004.01.01"]

1. d4 Nf6 2. c4 e6 3. Nf3 Bb4+ 4. Bd2 Be7 5. Nc3 d5 6. cxd5 exd5 7. Bg5 h6 8.
Bh4 c6 9. e3 Bg4 10. Qc2 Nbd7 11. Bd3 O-O 12. h3 Bxf3 13. gxf3 Nh5 14. Bxe7
Qxe7 15. O-O-O b5 16. Kb1 a5 17. Rhg1 Rfc8 18. Bf5 Rcb8 19. Bxd7 Qxd7 20. Rg4
f5 21. Rg6 Rf8 22. f4 Rf6 23. Rg2 Rc8 24. Qe2 Qe8 25. Rdg1 b4 26. Na4 Qe4+ 27.
Ka1 Nxf4 28. Rxg7+ Kh8 29. Qa6 Re8 30. Qb7 1-0